World Religions by Followers - Statistics

General Stats
  • This quiz has been taken 816 times
  • The average score is 7 of 14
Answer Stats
No. Followers Religion % Correct
1.6 billion Islam
99%
2.2 billion Christianity
96%
1.1 billion Hinduism
91%
488 million Buddhism
90%
14 million Judaism
83%
100 million Shinto
64%
28 million Sikhism
60%
4 million Jainism
45%
6 million Baha'i Faith
35%
10 million Korean Shamanish
6%
7 million Caodaism
1%
3.5 million Cheondoism
1%
2 million Hoahaoism
1%
5 million Tenriism
1%
No matching quizzes found
Score Distribution
Percent of People with Each Score
Percentile by Number Answered
Your Score History
You have not taken this quiz